La Representación social de la enfermedad y de la institución psiquiátrica en el paciente mental /
Uloženo v:
| Hlavní autor: | |
|---|---|
| Médium: | Text |
| Témata: | |
| Tagy: |
Přidat tag
Žádné tagy, Buďte první, kdo vytvoří štítek k tomuto záznamu!
|
MARC
| LEADER | 00000 a a2200000 04500 | ||
|---|---|---|---|
| 001 | 7316 | ||
| 003 | |||
| 040 | |||
| 100 | |a Rodríguez, Francisco | ||
| 245 | |a La Representación social de la enfermedad y de la institución psiquiátrica en el paciente mental / |c Francisco Rodríguez | ||
| 650 | |a ENFERMOS | ||
| 650 | |a REPRESENTACION SOCIAL | ||
| 650 | |a HOSPITALES PSIQUIATRICOS | ||
| 650 | |a PSIQUIATRIA | ||
| 773 | |g volumen 13, número 2; páginas 229-247 | ||
| 999 | |c 31961 |d 31961 | ||
